[Event "Capablanca Memorial op 57th"]
[Site "Havana"]
[Date "2024.05.12"]
[Round "10"]
[White "Hernandez Elias, Yurislandy"]
[Black "Silveira Garcia, Yosdan"]
[Result "0-1"]
[WhiteElo "2031"]
[BlackElo "2234"]
[PlyCount "114"]
[EventDate "2024.05.03"]
[EventType "swiss"]
[EventRounds "10"]
[EventCountry "CUB"]
[SourceTitle "EXT 2025"]
[Source "ChessBase"]
[SourceDate "2024.10.14"]
[SourceVersion "1"]
[SourceVersionDate "2024.10.14"]
[SourceQuality "1"]

1. d4 Nf6 2. Bg5 Ne4 3. h4 h6 4. Bf4 c5 5. d5 Qb6 6. Nd2 Nxd2 7. Bxd2 Qxb2 8. Nf3 Qb6 9. e4 d6 10. Rb1 Qc7 11. c4 e5 12. dxe6 Bxe6 13. Bc3 Nc6 14. Qb3 b6 15. Qb2 0-0-0 16. Be2 f6 17. a4 Re8 18. a5 Bd7 19. axb6 axb6 20. Nd2 f5 21. 0-0 Rg8 22. Bf3 f4 23. Qxb6 Qxb6 24. Rxb6 Kc7 25. Rfb1 Nb4 26. Bxb4 Kxb6 27. Bc3+ Kc7 28. Ba5+ Kc8 29. e5 Bf5 30. Rb7 Re7 31. Rb6 Rxe5 32. Bb7+ Kd7 33. Bc6+ Ke6 34. Nf3 Be4 35. Nxe5 Kxe5 36. Bc3+ Kf5 37. Bd7+ Kg6 38. Be6 Rh8 39. Rb8 f3 40. g4 Kh7 41. Rc8 d5 42. Be5 d4 43. Kf1 Be7 44. Rxh8+ Kxh8 45. h5 Bf6 46. Bf4 Bg5 47. Bxg5 hxg5 48. Ke1 g6 49. Bd5 Bd3 50. Kd2 Be2 51. hxg6 Kg7 52. Bf7 Bf1 53. Ke1 Bh3 54. Bd5 Bxg4 55. Be4 Bh5 56. Kd2 g4 57. Bf5 Kf6 0-1

[Event "Capablanca Memorial op 53rd"]
[Site "Havana"]
[Date "2018.05.15"]
[Round "6"]
[White "Cori Tello, Deysi Estella"]
[Black "Silveira Garcia, Yosdan"]
[Result "1-0"]
[WhiteElo "2387"]
[BlackElo "2192"]
[PlyCount "53"]
[EventDate "2018.05.09"]
[EventType "swiss"]
[EventRounds "10"]
[EventCountry "CUB"]
[SourceTitle "EXT 2021"]
[Source "ChessBase"]
[SourceDate "2020.10.23"]
[SourceVersion "1"]
[SourceVersionDate "2020.10.23"]
[SourceQuality "1"]

1. d4 e6 2. Nf3 f5 3. c4 Nf6 4. Qc2 b6 5. g3 Bb7 6. Bg2 Be7 7. 0-0 0-0 8. Nc3 c5 9. d5 Qc8 10. Rd1 Na6 11. a3 Re8 12. Ng5 Bf8 13. e4 h6 14. Nh3 exd5 15. exd5 g6 16. Nf4 Kf7 17. Bh3 Qd8 18. b3 Nc7 19. Bb2 Bd6 20. Nxg6 Kxg6 21. Qxf5+ Kf7 22. Re1 Bf8 23. Ne4 Rxe4 24. Rxe4 Bg7 25. Rae1 Kg8 26. Re7 Qf8 27. Rxg7+ 1-0

[Event "Capablanca Memorial op 53rd"]
[Site "Havana"]
[Date "2018.05.11"]
[Round "3"]
[White "Silveira Garcia, Yosdan"]
[Black "Coto Mederos, Michel"]
[Result "0-1"]
[WhiteElo "2192"]
[BlackElo "2361"]
[PlyCount "114"]
[EventDate "2018.05.09"]
[EventType "swiss"]
[EventRounds "10"]
[EventCountry "CUB"]
[SourceTitle "EXT 2019"]
[Source "ChessBase"]
[SourceDate "2018.10.10"]
[SourceVersion "1"]
[SourceVersionDate "2018.10.10"]
[SourceQuality "1"]

1. e4 e5 2. Nf3 Nc6 3. Bb5 a6 4. Ba4 Nf6 5. 0-0 b5 6. Bb3 Bc5 7. c3 d6 8. d4 Bb6 9. h3 Bb7 10. Re1 h6 11. a4 0-0 12. d5 Ne7 13. c4 bxc4 14. Bxc4 c6 15. dxc6 Bxc6 16. Nc3 Ba5 17. Bd3 Qd7 18. Bd2 Ng6 19. Nd5 Bxd5 20. Bxa5 Bc6 21. b3 Qb7 22. Nd2 Nf4 23. Bf1 Nxe4 24. Nc4 Rab8 25. Re3 f5 26. Nxd6 Nxd6 27. Qxd6 Nxg2 28. Bxg2 Bxg2 29. Rg3 Bd5 30. Qxe5 f4 31. Rg6 Rbe8 32. Qc7 Qxc7 33. Bxc7 Re6 34. Rxe6 Bxe6 35. b4 Rf7 36. Rc1 Bd7 37. a5 Bxh3 38. Bd6 Bg4 39. Rc3 g5 40. f3 Bf5 41. Rc6 Bd3 42. Bc5 Kh7 43. Rd6 Bb5 44. Kg2 Rd7 45. Rb6 Rd2+ 46. Kg1 h5 47. Be7 g4 48. Rf6 Rd1+ 49. Kh2 Rd2+ 50. Kg1 Rd1+ 51. Kh2 g3+ 52. Kh3 Bf1+ 53. Kh4 g2 54. Bc5 Be2 55. Rxf4 Bd3 56. Kxh5 Bg6+ 57. Kg5 Rd5+ 0-1

[Event "Havana Cobo Memorial tt"]
[Site "Havana"]
[Date "2018.01.26"]
[Round "2"]
[White "Ferrer Barrera, Vladimir"]
[Black "Silveira Garcia, Yosdan"]
[Result "1/2-1/2"]
[WhiteElo "2158"]
[BlackElo "2232"]
[PlyCount "138"]
[EventDate "2018.01.25"]
[EventType "team-tourn"]
[EventRounds "10"]
[EventCountry "CUB"]
[SourceTitle "EXT 2021"]
[Source "ChessBase"]
[SourceDate "2020.10.23"]
[SourceVersion "1"]
[SourceVersionDate "2020.10.23"]
[SourceQuality "1"]

1. e4 Nf6 2. e5 Nd5 3. d4 d6 4. Nf3 Bg4 5. Be2 e6 6. 0-0 Be7 7. c4 Nb6 8. exd6 cxd6 9. a4 0-0 10. a5 N6d7 11. h3 Bh5 12. Be3 f5 13. Nc3 a6 14. Re1 h6 15. b4 Bf7 16. c5 d5 17. Rb1 Nc6 18. Nh2 Bf6 19. f4 Be7 20. Kh1 e5 21. fxe5 Ndxe5 22. Nf3 Nxf3 23. Bxf3 Bf6 24. Qb3 Bxd4 25. Bxd5 Bxc3 26. Bxf7+ Rxf7 27. Qxc3 f4 28. Bf2 Qg5 29. Rbd1 f3 30. g4 h5 31. Re4 hxg4 32. Rxg4 Qh5 33. Rg3 Re8 34. Rdg1 Re5 35. Qc4 Rg5 36. Kh2 Rxg3 37. Rxg3 Ne5 38. Qe6 Qf5 39. Qxf5 Rxf5 40. Rg1 Nc6 41. Rb1 Rg5 42. Bg3 Rd5 43. Bf2 Rg5 44. Bg3 Nd4 45. h4 Rg6 46. Rf1 Kh7 47. Kh3 Ne2 48. Bh2 Nd4 49. Be5 Ne2 50. Bh2 Rf6 51. Kg4 f2 52. Be5 Rf7 53. Bg3 Nc1 54. Rxf2 Rxf2 55. Bxf2 Nd3 56. b5 Nxf2+ 57. Kf5 Nd3 58. c6 bxc6 59. bxa6 g6+ 60. Kg5 Nc5 61. a7 Ne6+ 62. Kf6 Nc7 63. Ke5 Kg7 64. Kd6 Nb5+ 65. Kxc6 Nxa7+ 66. Kb6 Nc8+ 67. Kc7 Na7 68. Kb6 Nc8+ 69. Kc7 Na7 1/2-1/2

[Event "Giraldilla de La Habana tt"]
[Site "Havana"]
[Date "2018.??.??"]
[Round "2.3"]
[White "Gil Alba, Hector Luis"]
[Black "Silveira Garcia, Yosdan"]
[Result "0-1"]
[WhiteElo "2245"]
[BlackElo "2222"]
[PlyCount "124"]
[EventDate "2018.07.27"]
[EventType "team-tourn"]
[EventRounds "9"]
[EventCountry "CUB"]
[SourceTitle "EXT 2021"]
[Source "ChessBase"]
[SourceDate "2020.10.23"]
[SourceVersion "1"]
[SourceVersionDate "2020.10.23"]
[SourceQuality "1"]

1. e4 e6 2. d4 d5 3. Nd2 c5 4. exd5 Qxd5 5. Ngf3 cxd4 6. Bc4 Qd6 7. 0-0 Nf6 8. Nb3 Nc6 9. Nbxd4 Nxd4 10. Nxd4 Bd7 11. c3 Qc7 12. Qe2 a6 13. g3 Be7 14. Bf4 Qc5 15. Rad1 0-0 16. Be5 Rad8 17. b4 Qc8 18. Bb3 Ne8 19. Qf3 Bf6 20. Rde1 Bxe5 21. Rxe5 Qc7 22. Rfe1 Rc8 23. Rc5 Qb6 24. Rce5 Nd6 25. Qd3 Bb5 26. Qf3 Bc4 27. Bc2 g6 28. a4 Bd5 29. Qd3 Qc7 30. Ne2 Nc4 31. Rh5 Ne5 32. Rxe5 Qxe5 33. Qd2 Qf6 34. f4 Rfd8 35. Nd4 b6 36. Re5 Qe7 37. Re3 Qd6 38. Qe1 Rc7 39. Bd3 Bb7 40. Bc2 Qd5 41. Be4 Qc4 42. Bxb7 Rxb7 43. f5 gxf5 44. Qd2 Rbd7 45. Re1 Rxd4 46. Qg5+ Kf8 47. cxd4 Qxd4+ 48. Kf1 Rc8 49. Qh6+ Ke8 50. Rc1 Rc2 51. Rxc2 Qd1+ 52. Kg2 Qxc2+ 53. Kh3 Qxa4 54. Qf4 Qb5 55. Qb8+ Ke7 56. Qc7+ Kf6 57. Qd8+ Ke5 58. Qc7+ Kd5 59. Qb7+ Kc4 60. Qxf7 Kxb4 61. Qxe6 Qf1+ 62. Kh4 Qc4+ 0-1

[Event "Giraldilla de La Habana tt"]
[Site "Havana"]
[Date "2018.??.??"]
[Round "6.5"]
[White "Ibanez Milian, Dagoberto"]
[Black "Silveira Garcia, Yosdan"]
[Result "1-0"]
[WhiteElo "2223"]
[BlackElo "2222"]
[PlyCount "76"]
[EventDate "2018.07.27"]
[EventType "team-tourn"]
[EventRounds "9"]
[EventCountry "CUB"]
[SourceTitle "EXT 2021"]
[Source "ChessBase"]
[SourceDate "2020.10.23"]
[SourceVersion "1"]
[SourceVersionDate "2020.10.23"]
[SourceQuality "1"]

1. e4 e6 2. d4 d5 3. Nc3 Nf6 4. e5 Nfd7 5. f4 c5 6. Nf3 Nc6 7. Be3 a6 8. Qd2 Be7 9. Be2 0-0 10. 0-0 b5 11. dxc5 Nxc5 12. a3 Ne4 13. Qd3 Nc5 14. Bxc5 Bxc5+ 15. Kh1 f5 16. exf6 gxf6 17. f5 Ra7 18. b4 Bb6 19. Rad1 d4 20. Ne4 exf5 21. Ng3 Re7 22. Nh4 Qe8 23. Nhxf5 Bxf5 24. Qxf5 Re5 25. Qf3 Kh8 26. Bd3 Bc7 27. Be4 Ne7 28. Rxd4 f5 29. Bd3 a5 30. bxa5 Bxa5 31. Rh4 Bb6 32. Rh6 Bc5 33. Nh5 Ng8 34. Ra6 Re3 35. Qd1 f4 36. Qg4 Qe5 37. Rf6 Qxf6 38. Nxf6 Rxf6 1-0

[Event "Giraldilla de La Habana tt"]
[Site "Havana"]
[Date "2018.??.??"]
[Round "9.2"]
[White "Pulido Alvarez, Ariel"]
[Black "Silveira Garcia, Yosdan"]
[Result "1-0"]
[WhiteElo "2289"]
[BlackElo "2222"]
[PlyCount "87"]
[EventDate "2018.07.27"]
[EventType "team-tourn"]
[EventRounds "9"]
[EventCountry "CUB"]
[SourceTitle "EXT 2021"]
[Source "ChessBase"]
[SourceDate "2020.10.23"]
[SourceVersion "1"]
[SourceVersionDate "2020.10.23"]
[SourceQuality "1"]

1. e4 e6 2. d4 d5 3. e5 c5 4. c3 Nc6 5. Nf3 Qb6 6. a3 cxd4 7. cxd4 Nge7 8. b4 Nf5 9. Be3 a5 10. b5 Nxe3 11. fxe3 Na7 12. a4 Bb4+ 13. Nbd2 Bd7 14. Bd3 Qd8 15. 0-0 0-0 16. Qe1 Rc8 17. Rd1 Rc3 18. Bb1 Nc8 19. Qg3 h6 20. e4 Nb6 21. Ba2 Ra3 22. Bb1 Nxa4 23. exd5 exd5 24. Rfe1 Be6 25. Qf4 Nc3 26. Rc1 Nxb1 27. Rxb1 Rd3 28. Re2 Bxd2 29. Rxd2 Rxd2 30. Qxd2 Bf5 31. Ra1 b6 32. Rc1 Bd7 33. Qd3 Qe8 34. Qb3 Qe6 35. Rc7 Rc8 36. Rb7 Qg6 37. h3 Bxh3 38. Nh4 Qe4 39. Qxh3 Rc1+ 40. Kh2 Qf4+ 41. g3 Qf2+ 42. Qg2 Qxd4 43. Rd7 Rc5 44. Qf3 1-0

[Event "Giraldilla de La Habana tt"]
[Site "Havana"]
[Date "2018.??.??"]
[Round "8.5"]
[White "Silveira Garcia, Yosdan"]
[Black "Hedman Senarega, Jose Antonio"]
[Result "1/2-1/2"]
[WhiteElo "2222"]
[BlackElo "2179"]
[PlyCount "28"]
[EventDate "2018.07.27"]
[EventType "team-tourn"]
[EventRounds "9"]
[EventCountry "CUB"]
[SourceTitle "EXT 2021"]
[Source "ChessBase"]
[SourceDate "2020.10.23"]
[SourceVersion "1"]
[SourceVersionDate "2020.10.23"]
[SourceQuality "1"]

1. e4 e6 2. d4 d5 3. Nc3 Bb4 4. Nge2 dxe4 5. a3 Bxc3+ 6. Nxc3 Nc6 7. Be3 Nge7 8. Qd2 b6 9. Nxe4 Bb7 10. Nc3 Qd7 11. 0-0-0 0-0-0 12. Bb5 Nd5 13. Ne4 a6 14. Ba4 h6 1/2-1/2

[Event "Giraldilla de La Habana tt"]
[Site "Havana"]
[Date "2018.??.??"]
[Round "1.4"]
[White "Silveira Garcia, Yosdan"]
[Black "Morales Romero, Romaris"]
[Result "1/2-1/2"]
[WhiteElo "2222"]
[BlackElo "2244"]
[PlyCount "40"]
[EventDate "2018.07.27"]
[EventType "team-tourn"]
[EventRounds "9"]
[EventCountry "CUB"]
[SourceTitle "EXT 2021"]
[Source "ChessBase"]
[SourceDate "2020.10.23"]
[SourceVersion "1"]
[SourceVersionDate "2020.10.23"]
[SourceQuality "1"]

1. e4 c5 2. Nf3 g6 3. d4 cxd4 4. Qxd4 Nf6 5. Bb5 Nc6 6. Qd3 Bg7 7. Nc3 0-0 8. 0-0 d6 9. h3 Bd7 10. Be3 Nb4 11. Qe2 Bxb5 12. Nxb5 Qa5 13. Bd2 a6 14. Nxd6 Qc5 15. Nxb7 Qxc2 16. Rfc1 Qd3 17. Qd1 Nxe4 18. Bxb4 Qxd1+ 19. Rxd1 Rfb8 20. Rd7 Nf6 1/2-1/2

[Event "Giraldilla de La Habana tt"]
[Site "Havana"]
[Date "2018.??.??"]
[Round "7.1"]
[White "Silveira Garcia, Yosdan"]
[Black "Vargas Rodriguez, Wilver"]
[Result "1/2-1/2"]
[WhiteElo "2222"]
[BlackElo "2227"]
[PlyCount "125"]
[EventDate "2018.07.27"]
[EventType "team-tourn"]
[EventRounds "9"]
[EventCountry "CUB"]
[SourceTitle "EXT 2021"]
[Source "ChessBase"]
[SourceDate "2020.10.23"]
[SourceVersion "1"]
[SourceVersionDate "2020.10.23"]
[SourceQuality "1"]

1. e4 e6 2. d4 d5 3. Nc3 Bb4 4. e5 c5 5. Bd2 Ne7 6. Nb5 Bxd2+ 7. Qxd2 0-0 8. dxc5 Nd7 9. Qc3 a6 10. Nd6 Qc7 11. b4 a5 12. a3 Nc6 13. Rd1 Ncxe5 14. Ne2 Nc6 15. Nd4 axb4 16. axb4 Nxd4 17. Qxd4 b6 18. Nb5 Qc6 19. cxb6 Ba6 20. Nc7 Bxf1 21. Nxa8 Bc4 22. Nc7 Nxb6 23. Qc5 Qb7 24. Qd6 Rc8 25. Nxe6 Re8 26. Kd2 fxe6 27. Rhe1 Be2 28. Kxe2 Nc4 29. Qc5 Rc8 30. Qd4 Qb5 31. Qd3 Qxb4 32. Kf1 Qd6 33. Qe2 Rc6 34. Kg1 e5 35. Ra1 h6 36. Ra8+ Kh7 37. Qg4 Qf6 38. h4 e4 39. Qg3 Ne5 40. Rb1 Rc3 41. f3 exf3 42. Rbb8 Nf7 43. h5 fxg2 44. Qg6+ Qxg6 45. hxg6+ Kxg6 46. Ra2 Rg3 47. Rb3 Rg4 48. c3 Ne5 49. Rxg2 Rxg2+ 50. Kxg2 Kf5 51. Kg3 g5 52. Rb5 Ke4 53. Rb4+ Nc4 54. Kg4 Kd3 55. Rb1 Kxc3 56. Rh1 Ne3+ 57. Kf3 Nf5 58. Kg4 Ne3+ 59. Kf3 d4 60. Rxh6 Kd3 61. Rd6 Nc4 62. Rxd4+ Kxd4 63. Kg4 1/2-1/2